[Event "2024 National Elementary (K-6) Championship"]
[Site "Columbus, Ohio, United States"]
[Date "2024.04.28"]
[Round "6.1"]
[White "Karthi, Jashith"]
[Black "Yue, Tariq"]
[Result "1/2-1/2"]
[TimeControl "G/90; d10"]
[WhiteFideId "30983029"]
[BlackFideId "30975182"]
[WhiteElo "2188"]
[BlackElo "2073"]

1. d4 {[%clk 01:30:00]} {[%emt 00:00:02]} Nf6 {[%clk 01:29:40]} {[%emt
00:00:31]} 2. c4 {[%clk 01:30:00]} {[%emt 00:00:05]} g6 {[%clk 01:29:27]}
{[%emt 00:00:23]} 3. Nc3 {[%clk 01:30:00]} {[%emt 00:00:07]} Bg7 {[%clk
01:29:27]} {[%emt 00:00:07]} 4. e4 {[%clk 01:30:00]} {[%emt 00:00:05]} d6
{[%clk 01:29:26]} {[%emt 00:00:12]} 5. Be2 {[%clk 01:30:00]} {[%emt 00:00:03]}
O-O {[%clk 01:29:26]} {[%emt 00:00:09]} 6. Be3 {[%clk 01:30:00]} {[%emt
00:00:03]} c5 {[%clk 01:24:41]} {[%emt 00:04:55]} 7. d5 {[%clk 01:30:00]}
{[%emt 00:00:07]} a6 {[%clk 01:20:15]} {[%emt 00:04:38]} 8. a4 {[%clk
01:28:53]} {[%emt 00:01:17]} Qa5 {[%clk 01:17:20]} {[%emt 00:03:05]} 9. Bd2
{[%clk 01:23:08]} {[%emt 00:05:55]} Qc7 {[%clk 01:15:35]} {[%emt 00:01:54]} 10.
h4 {[%clk 01:21:52]} {[%emt 00:01:26]} e6 {[%clk 01:09:53]} {[%emt 00:05:53]}
11. h5 {[%clk 01:18:30]} {[%emt 00:03:32]} exd5 {[%clk 01:06:33]} {[%emt
00:03:30]} 12. hxg6 {[%clk 01:18:04]} {[%emt 00:00:35]} fxg6 {[%clk 01:06:04]}
{[%emt 00:00:40]} 13. exd5 {[%clk 01:14:17]} {[%emt 00:03:57]} Bf5 {[%clk
01:00:42]} {[%emt 00:05:31]} 14. g4 {[%clk 01:07:11]} {[%emt 00:07:16]} Bc8
{[%clk 01:00:31]} {[%emt 00:00:21]} 15. g5 {[%clk 01:06:37]} {[%emt 00:00:45]}
Nfd7 {[%clk 00:58:37]} {[%emt 00:02:04]} 16. Qb3 {[%clk 00:58:43]} {[%emt
00:08:03]} Re8 {[%clk 00:51:29]} {[%emt 00:07:19]} 17. O-O-O {[%clk 00:57:29]}
{[%emt 00:01:23]} Nf8 {[%clk 00:50:28]} {[%emt 00:01:12]} 18. Bd3 {[%clk
00:54:47]} {[%emt 00:02:52]} Bd4 {[%clk 00:40:06]} {[%emt 00:10:32]} 19. Nge2
{[%clk 00:51:08]} {[%emt 00:03:48]} Bg7 {[%clk 00:32:19]} {[%emt 00:07:56]} 20.
Ng3 {[%clk 00:46:07]} {[%emt 00:05:11]} Bg4 {[%clk 00:31:06]} {[%emt 00:01:25]}
21. Rdf1 {[%clk 00:42:50]} {[%emt 00:03:23]} Bf3 {[%clk 00:30:38]} {[%emt
00:00:41]} 22. Rhg1 {[%clk 00:39:22]} {[%emt 00:03:37]} Nbd7 {[%clk 00:29:15]}
{[%emt 00:01:35]} 23. Nce4 {[%clk 00:36:34]} {[%emt 00:02:57]} b5 {[%clk
00:23:39]} {[%emt 00:05:47]} 24. Nf6+ {[%clk 00:35:45]} {[%emt 00:00:58]} Bxf6
{[%clk 00:19:21]} {[%emt 00:04:28]} 25. gxf6 {[%clk 00:35:45]} {[%emt
00:00:09]} Ne5 {[%clk 00:19:20]} {[%emt 00:00:11]} 26. Qc2 {[%clk 00:29:43]}
1/2-1/2

[Event "2024 National Elementary (K-6) Championship"]
[Site "Columbus, Ohio, United States"]
[Date "2024.04.28"]
[Round "6.2"]
[White "Jammalamadaka, Vihaan"]
[Black "Zhao, Austin"]
[Result "1/2-1/2"]
[TimeControl "G/90; d10"]
[WhiteFideId "30977134"]
[BlackFideId "39921786"]
[WhiteElo "2055"]
[BlackElo "1852"]

1. e4 {[%clk 01:29:30]} {[%emt 00:00:40]} c5 {[%clk 01:30:00]} {[%emt
00:00:05]} 2. c3 {[%clk 01:28:54]} {[%emt 00:00:46]} Nf6 {[%clk 01:29:55]}
{[%emt 00:00:16]} 3. e5 {[%clk 01:28:53]} {[%emt 00:00:10]} Nd5 {[%clk
01:29:55]} {[%emt 00:00:04]} 4. Nf3 {[%clk 01:28:48]} {[%emt 00:00:15]} Nc6
{[%clk 01:29:49]} {[%emt 00:00:16]} 5. Bc4 {[%clk 01:28:35]} {[%emt 00:00:23]}
Nb6 {[%clk 01:29:36]} {[%emt 00:00:24]} 6. Bb3 {[%clk 01:28:13]} {[%emt
00:00:31]} d5 {[%clk 01:29:13]} {[%emt 00:00:33]} 7. exd6 {[%clk 01:27:58]}
{[%emt 00:00:25]} Qxd6 {[%clk 01:28:31]} {[%emt 00:00:53]} 8. O-O {[%clk
01:27:40]} {[%emt 00:00:27]} Bf5 {[%clk 01:27:52]} {[%emt 00:00:49]} 9. d4
{[%clk 01:25:03]} {[%emt 00:02:46]} cxd4 {[%clk 01:27:12]} {[%emt 00:00:52]} 10.
cxd4 {[%clk 01:24:31]} {[%emt 00:00:42]} e6 {[%clk 01:26:37]} {[%emt 00:00:44]}
11. Nc3 {[%clk 01:20:00]} {[%emt 00:04:39]} a6 {[%clk 01:25:11]} {[%emt
00:01:38]} 12. Be3 {[%clk 00:55:58]} {[%emt 00:24:10]} Nb4 {[%clk 01:15:33]}
{[%emt 00:09:50]} 13. Ne5 {[%clk 00:51:16]} {[%emt 00:04:51]} Be7 {[%emt
00:09:03]} 14. Bf4 {[%clk 00:47:15]} {[%emt 00:04:10]} Qd8 {[%clk 01:06:21]}
{[%emt 00:00:31]} 15. Qd2 {[%clk 00:34:55]} {[%emt 00:12:30]} O-O {[%clk
01:04:00]} {[%emt 00:02:31]} 16. Rad1 {[%clk 00:27:49]} {[%emt 00:07:15]} N4d5
{[%clk 01:02:27]} {[%emt 00:01:43]} 17. a3 {[%clk 00:22:35]} {[%emt 00:05:24]}
Rc8 {[%clk 01:00:16]} {[%emt 00:02:22]} 18. Ne2 {[%clk 00:20:16]} {[%emt
00:02:28]} Qe8 {[%clk 00:57:22]} {[%emt 00:03:05]} 19. Ng3 {[%clk 00:17:36]}
{[%emt 00:02:49]} Bg6 {[%clk 00:56:51]} {[%emt 00:00:42]} 20. Nxg6 {[%clk
00:14:47]} {[%emt 00:02:59]} hxg6 {[%clk 00:56:18]} {[%emt 00:00:43]} 21. Be3
{[%clk 00:13:06]} {[%emt 00:01:49]} Qb5 {[%clk 00:55:13]} {[%emt 00:01:17]} 22.
Qd3 {[%clk 00:12:43]} {[%emt 00:00:32]} Nc4 {[%clk 00:54:11]} {[%emt 00:01:13]}
23. Bxc4 {[%clk 00:12:30]} {[%emt 00:00:23]} Qxc4 {[%clk 00:54:11]} {[%emt
00:00:08]} 24. Qd2 {[%clk 00:08:34]} {[%emt 00:04:07]} Qb3 {[%clk 00:51:54]}
{[%emt 00:02:27]} 25. Rc1 {[%clk 00:08:10]} {[%emt 00:00:33]} Nxe3 {[%clk
00:47:26]} {[%emt 00:04:39]} 26. fxe3 {[%clk 00:08:04]} {[%emt 00:00:15]} Bg5
{[%clk 00:47:16]} {[%emt 00:00:20]} 27. Rfe1 {[%clk 00:07:27]} {[%emt
00:00:44]} f5 {[%clk 00:45:23]} {[%emt 00:02:06]} 28. Kh1 {[%clk 00:05:32]}
{[%emt 00:02:06]} Rxc1 {[%clk 00:43:38]} {[%emt 00:01:55]} 29. Qxc1 {[%clk
00:05:10]} {[%emt 00:00:32]} Qd5 {[%clk 00:43:13]} {[%emt 00:00:35]} 30. Qc3
{[%clk 00:04:47]} {[%emt 00:00:31]} 1/2-1/2

[Event "2024 National Elementary (K-6) Championship"]
[Site "Columbus, Ohio, United States"]
[Date "2024.04.28"]
[Round "6.3"]
[White "Rallabandi, Krishna K"]
[Black "You, Eden"]
[Result "0-1"]
[TimeControl "G/90; d10"]
[WhiteFideId "25959280"]
[BlackFideId "39908275"]
[WhiteElo "2046"]
[BlackElo "1930"]

1. d4 {[%clk 01:30:00]} Nf6 {[%clk 01:30:00]} {[%emt 00:00:05]} 2. c4 {[%clk
01:30:00]} {[%emt 00:00:06]} e6 {[%clk 01:30:00]} {[%emt 00:00:05]} 3. Nc3
{[%clk 01:30:00]} {[%emt 00:00:02]} Bb4 {[%clk 01:29:43]} {[%emt 00:00:28]} 4.
e3 {[%clk 01:30:00]} {[%emt 00:00:06]} O-O {[%clk 01:28:53]} {[%emt 00:01:00]}
5. Bd2 {[%clk 01:30:00]} {[%emt 00:00:07]} b6 {[%clk 01:27:52]} {[%emt
00:01:11]} 6. Nf3 {[%clk 01:30:00]} {[%emt 00:00:07]} Bb7 {[%clk 01:26:54]}
{[%emt 00:01:08]} 7. Bd3 {[%clk 01:29:43]} {[%emt 00:00:28]} d6 {[%clk
01:24:15]} {[%emt 00:02:49]} 8. O-O {[%clk 01:28:37]} {[%emt 00:01:16]} Bxc3
{[%clk 01:21:05]} {[%emt 00:03:21]} 9. Bxc3 {[%clk 01:27:28]} {[%emt 00:01:19]}
Ne4 {[%clk 01:19:06]} {[%emt 00:02:07]} 10. Bxe4 {[%clk 01:20:39]} {[%emt
00:07:00]} Bxe4 {[%clk 01:18:59]} {[%emt 00:00:18]} 11. Nd2 {[%emt 00:01:41]}
Bb7 {[%clk 01:09:16]} {[%emt 00:09:50]} 12. e4 {[%clk 01:17:24]} {[%emt
00:01:57]} Nd7 {[%clk 01:07:42]} {[%emt 00:01:43]} 13. Qe2 {[%clk 01:12:06]}
{[%emt 00:05:27]} Qe7 {[%emt 00:06:14]} 14. Rae1 {[%clk 01:09:25]} {[%emt
00:00:14]} e5 {[%clk 01:00:59]} {[%emt 00:03:28]} 15. d5 {[%clk 01:03:47]}
{[%emt 00:05:48]} a5 {[%clk 00:58:10]} {[%emt 00:02:58]} 16. f4 {[%clk
01:02:18]} {[%emt 00:01:39]} f6 {[%clk 00:54:09]} {[%emt 00:04:11]} 17. Nf3
{[%clk 01:00:09]} {[%emt 00:02:19]} Rae8 {[%clk 00:49:11]} {[%emt 00:05:06]} 18.
Nh4 {[%clk 00:57:32]} {[%emt 00:02:49]} g6 {[%clk 00:41:18]} {[%emt 00:08:02]}
19. Qg4 {[%clk 00:55:57]} {[%emt 00:01:46]} Qg7 {[%clk 00:40:10]} {[%emt
00:01:18]} 20. f5 {[%clk 00:41:40]} {[%emt 00:14:27]} g5 {[%clk 00:36:47]}
{[%emt 00:03:33]} 21. Nf3 {[%clk 00:41:40]} {[%emt 00:00:08]} Nc5 {[%clk
00:34:41]} {[%emt 00:02:16]} 22. Re3 {[%clk 00:38:51]} {[%emt 00:03:00]} Kf7
{[%clk 00:29:42]} {[%emt 00:05:07]} 23. Nd2 {[%clk 00:35:33]} {[%emt 00:03:30]}
Ke7 {[%clk 00:26:41]} {[%emt 00:03:11]} 24. a3 {[%clk 00:33:52]} {[%emt
00:01:52]} Ra8 {[%clk 00:23:08]} {[%emt 00:03:41]} 25. b4 {[%clk 00:32:58]}
{[%emt 00:01:04]} axb4 {[%clk 00:21:49]} {[%emt 00:01:30]} 26. axb4 {[%clk
00:32:58]} {[%emt 00:00:10]} Nd7 {[%clk 00:21:43]} {[%emt 00:00:15]} 27. Nb3
{[%clk 00:30:22]} {[%emt 00:02:47]} Ra3 {[%clk 00:19:28]} {[%emt 00:02:25]} 28.
Bd2 {[%clk 00:29:36]} {[%emt 00:00:56]} Rfa8 {[%clk 00:18:00]} {[%emt
00:01:37]} 29. Rc1 {[%clk 00:27:40]} {[%emt 00:02:07]} Ra2 {[%clk 00:16:05]}
{[%emt 00:02:04]} 30. h4 {[%clk 00:26:46]} {[%emt 00:01:05]} h6 {[%clk
00:14:54]} {[%emt 00:01:20]} 31. c5 {[%emt 00:00:32]} bxc5 {[%clk 00:12:36]}
{[%emt 00:02:27]} 32. bxc5 {[%clk 00:26:10]} {[%emt 00:00:26]} dxc5 {[%clk
00:10:13]} {[%emt 00:02:32]} 33. Nxc5 {[%clk 00:25:06]} {[%emt 00:01:14]} Nxc5
{[%clk 00:06:23]} {[%emt 00:04:00]} 34. Rxc5 {[%clk 00:24:40]} {[%emt
00:00:36]} Kd8 {[%clk 00:05:33]} {[%emt 00:00:58]} 35. Qe2 {[%clk 00:19:49]}
{[%emt 00:05:03]} gxh4 {[%clk 00:03:59]} {[%emt 00:01:44]} 36. Rec3 {[%clk
00:18:49]} {[%emt 00:01:11]} Rb2 {[%clk 00:03:17]} {[%emt 00:00:52]} 37. Rxc7
{[%clk 00:17:19]} {[%emt 00:01:40]} Ra1+ {[%clk 00:02:41]} {[%emt 00:00:46]} 38.
Rc1 {[%clk 00:14:04]} {[%emt 00:03:24]} Qxc7 {[%clk 00:01:58]} {[%emt
00:00:53]} 39. Rxa1 {[%clk 00:14:04]} {[%emt 00:00:06]} Qc2 {[%clk 00:01:35]}
{[%emt 00:00:33]} 40. Ba5+ {[%clk 00:13:46]} {[%emt 00:00:29]} Kd7 {[%clk
00:01:35]} {[%emt 00:00:08]} 41. Qg4 {[%clk 00:12:43]} {[%emt 00:01:13]} Qf2+
{[%clk 00:01:09]} {[%emt 00:00:36]} 42. Kh1 {[%clk 00:10:56]} {[%emt 00:01:57]}
Qg3 {[%clk 00:01:09]} {[%emt 00:00:05]} 43. Qf3 {[%clk 00:09:38]} {[%emt
00:01:27]} Qxf3 {[%clk 00:00:54]} {[%emt 00:00:26]} 44. gxf3 {[%clk 00:09:38]}
{[%emt 00:00:01]} Rf2 {[%clk 00:00:49]} {[%emt 00:00:14]} 45. Rc1 {[%clk
00:09:23]} {[%emt 00:00:26]} Ba6 {[%clk 00:00:48]} {[%emt 00:00:11]} 46. Rc7+
{[%clk 00:09:23]} {[%emt 00:00:07]} Ke8 {[%clk 00:00:48]} {[%emt 00:00:04]} 47.
d6 {[%clk 00:08:55]} {[%emt 00:00:39]} Bb5 {[%clk 00:00:44]} {[%emt 00:00:13]}
48. Re7+ {[%clk 00:08:39]} {[%emt 00:00:25]} Kf8 {[%clk 00:00:44]} {[%emt
00:00:04]} 49. d7 {[%clk 00:08:05]} {[%emt 00:00:45]} Bxd7 {[%clk 00:00:44]} 50.
Rxd7 {[%clk 00:08:05]} {[%emt 00:00:02]} Rxf3 {[%clk 00:00:44]} {[%emt
00:00:02]} 51. Bd2 {[%clk 00:06:37]} {[%emt 00:01:37]} Rf2 {[%clk 00:00:34]}
{[%emt 00:00:21]} 52. Bxh6+ {[%clk 00:06:17]} {[%emt 00:00:30]} Ke8 {[%clk
00:00:34]} {[%emt 00:00:01]} 53. Rg7 {[%clk 00:05:35]} {[%emt 00:00:52]} Re2
{[%clk 00:00:31]} {[%emt 00:00:12]} 54. Rg4 {[%clk 00:05:35]} {[%emt 00:00:05]}
h3 {[%clk 00:00:31]} {[%emt 00:00:09]} 55. Kg1 {[%clk 00:04:32]} {[%emt
00:01:12]} Ke7 {[%clk 00:00:31]} {[%emt 00:00:05]} 56. Rh4 {[%clk 00:03:14]}
{[%emt 00:01:29]} Kd6 {[%clk 00:00:17]} {[%emt 00:00:24]} 57. Rxh3 {[%clk
00:02:24]} {[%emt 00:01:00]} Rxe4 {[%clk 00:00:17]} {[%emt 00:00:03]} 58. Kf2
{[%clk 00:02:00]} {[%emt 00:00:34]} Rg4 {[%clk 00:00:09]} {[%emt 00:00:16]} 59.
Rg3 {[%clk 00:01:29]} {[%emt 00:00:42]} Ra4 {[%clk 00:00:09]} {[%emt 00:00:09]}
60. Kf3 {[%clk 00:00:55]} {[%emt 00:00:44]} Ra3+ {[%clk 00:00:09]} {[%emt
00:00:08]} 61. Kg4 {[%clk 00:00:55]} {[%emt 00:00:07]} Ra4+ {[%clk 00:00:09]}
{[%emt 00:00:04]} 62. Kh5 {[%clk 00:00:55]} {[%emt 00:00:09]} Kd5 {[%clk
00:00:09]} {[%emt 00:00:07]} 63. Kg6 {[%clk 00:00:53]} {[%emt 00:00:13]} Ra6
{[%clk 00:00:09]} {[%emt 00:00:04]} 64. Bg7 {[%clk 00:00:45]} {[%emt 00:00:19]}
e4 {[%clk 00:00:09]} {[%emt 00:00:09]} 65. Bxf6 {[%clk 00:00:45]} {[%emt
00:00:06]} Rc6 {[%clk 00:00:09]} {[%emt 00:00:04]} 66. Kf7 {[%clk 00:00:33]}
{[%emt 00:00:21]} Rc7+ {[%clk 00:00:09]} {[%emt 00:00:08]} 67. Kg8 {[%clk
00:00:06]} {[%emt 00:00:37]} Rc8+ {[%clk 00:00:09]} {[%emt 00:00:07]} 0-1

[Event "2024 National Elementary (K-6) Championship"]
[Site "Columbus, Ohio, United States"]
[Date "2024.04.28"]
[Round "6.4"]
[White "Ramesh, Nehanraj"]
[Black "Wang, Connor Junda"]
[Result "1-0"]
[TimeControl "G/90; d10"]
[WhiteFideId "25113879"]
[BlackFideId "30991803"]
[WhiteElo "1943"]
[BlackElo "1915"]

1. d4 {[%clk 01:30:00]} {[%emt 00:00:02]} d5 {[%clk 01:30:00]} {[%emt
00:00:02]} 2. Bf4 {[%clk 01:30:00]} {[%emt 00:00:06]} c5 {[%clk 01:30:00]}
{[%emt 00:00:04]} 3. e3 {[%clk 01:30:00]} {[%emt 00:00:03]} Nc6 {[%clk
01:30:00]} {[%emt 00:00:05]} 4. Nf3 {[%clk 01:30:00]} {[%emt 00:00:03]} Nf6
{[%clk 01:30:00]} {[%emt 00:00:04]} 5. Nbd2 {[%clk 01:30:00]} {[%emt 00:00:03]}
Bf5 {[%clk 01:28:48]} {[%emt 00:01:23]} 6. Bb5 {[%clk 01:27:38]} {[%emt
00:02:32]} Qb6 {[%clk 01:22:30]} {[%emt 00:06:27]} 7. c4 {[%clk 01:27:20]}
{[%emt 00:00:29]} e6 {[%clk 01:15:36]} {[%emt 00:07:03]} 8. Qa4 {[%clk
01:20:08]} {[%emt 00:07:22]} Rc8 {[%clk 01:09:29]} {[%emt 00:06:17]} 9. O-O
{[%clk 01:12:58]} {[%emt 00:07:21]} Be7 {[%clk 00:57:09]} {[%emt 00:12:30]} 10.
a3 {[%clk 01:06:47]} {[%emt 00:06:21]} a6 {[%clk 00:49:08]} {[%emt 00:08:11]}
11. Bxc6+ {[%clk 01:06:39]} {[%emt 00:00:18]} Qxc6 {[%clk 00:48:29]} {[%emt
00:00:49]} 12. Qxc6+ {[%clk 01:06:33]} {[%emt 00:00:16]} Rxc6 {[%clk 00:44:26]}
13. dxc5 {[%clk 01:05:01]} {[%emt 00:05:55]} dxc4 {[%clk 00:40:39]} {[%emt
00:03:57]} 14. Nxc4 {[%clk 01:04:26]} {[%emt 00:00:45]} Rxc5 {[%clk 00:34:39]}
{[%emt 00:06:10]} 15. Rfc1 {[%clk 01:03:31]} {[%emt 00:01:05]} O-O {[%clk
00:32:53]} {[%emt 00:01:56]} 16. b4 {[%clk 00:58:38]} {[%emt 00:05:03]} Rcc8
{[%clk 00:29:53]} {[%emt 00:03:10]} 17. Na5 {[%clk 00:49:12]} {[%emt 00:09:36]}
Be4 {[%clk 00:23:17]} {[%emt 00:06:46]} 18. Nd2 {[%clk 00:47:32]} {[%emt
00:01:50]} b6 {[%clk 00:21:10]} {[%emt 00:02:17]} 19. Nxe4 {[%clk 00:43:52]}
{[%emt 00:03:50]} Nxe4 {[%clk 00:17:19]} {[%emt 00:04:01]} 20. Nc4 {[%clk
00:41:33]} {[%emt 00:02:26]} b5 {[%clk 00:11:49]} {[%emt 00:05:43]} 21. Nb6
{[%clk 00:36:10]} {[%emt 00:05:34]} Rcd8 {[%clk 00:11:20]} {[%emt 00:00:38]} 22.
f3 {[%clk 00:34:48]} {[%emt 00:01:32]} Nd2 {[%clk 00:10:30]} {[%emt 00:01:00]}
23. Rd1 {[%clk 00:30:33]} {[%emt 00:04:26]} Bf6 {[%clk 00:07:20]} {[%emt
00:03:20]} 24. Rac1 {[%clk 00:23:25]} {[%emt 00:07:17]} Bb2 {[%clk 00:06:47]}
{[%emt 00:00:43]} 25. Kf2 {[%clk 00:18:29]} {[%emt 00:05:07]} Bxc1 {[%clk
00:06:40]} {[%emt 00:00:16]} 26. Rxc1 {[%clk 00:18:29]} {[%emt 00:00:04]} f6
{[%clk 00:06:15]} {[%emt 00:00:35]} 27. Bc7 {[%clk 00:17:10]} {[%emt 00:01:29]}
Rde8 {[%clk 00:05:06]} {[%emt 00:01:19]} 28. Ke2 {[%clk 00:16:36]} {[%emt
00:00:44]} Nc4 {[%clk 00:04:56]} {[%emt 00:00:20]} 29. Nxc4 {[%clk 00:16:36]}
{[%emt 00:00:04]} bxc4 {[%clk 00:04:56]} {[%emt 00:00:04]} 30. Rxc4 {[%clk
00:16:36]} {[%emt 00:00:09]} Rc8 {[%clk 00:04:32]} {[%emt 00:00:33]} 31. Rc5
{[%clk 00:16:36]} {[%emt 00:00:06]} Kf7 {[%clk 00:03:55]} {[%emt 00:00:47]} 32.
a4 {[%clk 00:16:06]} {[%emt 00:00:41]} Ke7 {[%clk 00:03:48]} {[%emt 00:00:16]}
33. b5 {[%clk 00:16:06]} {[%emt 00:00:08]} axb5 {[%clk 00:03:16]} {[%emt
00:00:42]} 34. axb5 {[%clk 00:16:06]} {[%emt 00:00:01]} Kd7 {[%clk 00:02:21]}
{[%emt 00:01:05]} 35. b6 {[%clk 00:16:06]} {[%emt 00:00:06]} g6 {[%clk
00:01:19]} {[%emt 00:01:12]} 36. e4 {[%clk 00:15:34]} {[%emt 00:00:42]} h6
{[%clk 00:01:00]} {[%emt 00:00:29]} 37. Rc3 {[%clk 00:15:15]} {[%emt 00:00:28]}
h5 {[%clk 00:00:43]} {[%emt 00:00:28]} 38. Rd3+ {[%clk 00:15:15]} {[%emt
00:00:04]} Kc6 {[%clk 00:00:43]} {[%emt 00:00:07]} 39. Rd6+ {[%clk 00:15:15]}
{[%emt 00:00:05]} Kb7 {[%clk 00:00:43]} 40. Rxe6 {[%clk 00:15:15]} {[%emt
00:00:05]} Rce8 {[%clk 00:00:43]} {[%emt 00:00:07]} 41. Rd6 {[%clk 00:14:46]}
{[%emt 00:00:39]} Re7 {[%clk 00:00:43]} {[%emt 00:00:05]} 42. Kd3 {[%clk
00:14:38]} {[%emt 00:00:18]} Rxc7 {[%clk 00:00:43]} {[%emt 00:00:07]} 43. bxc7
{[%clk 00:14:38]} {[%emt 00:00:03]} Kxc7 {[%clk 00:00:43]} {[%emt 00:00:03]} 44.
Ra6 {[%clk 00:14:38]} {[%emt 00:00:03]} Kd7 {[%clk 00:00:43]} {[%emt 00:00:06]}
45. e5 {[%clk 00:14:38]} {[%emt 00:00:03]} fxe5 {[%clk 00:00:42]} {[%emt
00:00:11]} 46. Rxg6 {[%clk 00:14:38]} {[%emt 00:00:02]} Ra8 {[%clk 00:00:42]}
{[%emt 00:00:08]} 47. Rg5 {[%clk 00:14:38]} {[%emt 00:00:03]} Ra2 {[%clk
00:00:42]} {[%emt 00:00:05]} 48. Ke4 {[%clk 00:13:59]} {[%emt 00:00:48]} Ke6
{[%clk 00:00:42]} {[%emt 00:00:01]} 49. Rxe5+ {[%clk 00:13:32]} {[%emt
00:00:37]} Kf6 {[%clk 00:00:42]} {[%emt 00:00:02]} 50. Rxh5 {[%clk 00:13:31]}
{[%emt 00:00:11]} Rxg2 {[%clk 00:00:42]} {[%emt 00:00:02]} 51. h4 {[%clk
00:13:31]} {[%emt 00:00:04]} Kg6 {[%clk 00:00:42]} {[%emt 00:00:04]} 52. Rg5+
{[%clk 00:13:31]} {[%emt 00:00:06]} Rxg5 {[%emt 00:00:03]} 53. hxg5 {[%clk
00:13:31]} {[%emt 00:00:01]} Kxg5 {[%clk 00:00:42]} {[%emt 00:00:01]} 54. Ke5
{[%clk 00:13:31]} {[%emt 00:00:02]} Kg6 {[%clk 00:00:42]} {[%emt 00:00:01]} 55.
f4 {[%clk 00:13:31]} {[%emt 00:00:08]} Kf7 {[%clk 00:00:42]} {[%emt 00:00:07]}
56. Kf5 {[%clk 00:13:31]} {[%emt 00:00:02]} Ke7 {[%clk 00:00:42]} 57. Kg6
{[%clk 00:13:31]} {[%emt 00:00:07]} Kf8 {[%clk 00:00:42]} 58. Kf6 {[%clk
00:13:31]} {[%emt 00:00:04]} Ke8 {[%clk 00:00:42]} {[%emt 00:00:04]} 59. Kg7
{[%clk 00:13:31]} Ke7 {[%clk 00:00:42]} {[%emt 00:00:01]} 60. f5 {[%clk
00:13:31]} {[%emt 00:00:08]} Kd6 {[%clk 00:00:42]} 61. f6 {[%clk 00:13:17]}
{[%emt 00:00:25]} Kd5 {[%clk 00:00:42]} 62. f7 {[%clk 00:13:17]} {[%emt
00:00:04]} Kd4 {[%clk 00:00:42]} {[%emt 00:00:01]} 63. f8=Q {[%clk 00:13:17]}
{[%emt 00:00:03]} Kd3 {[%clk 00:00:42]} 64. Qf4 {[%clk 00:13:17]} {[%emt
00:00:06]} Ke2 {[%clk 00:00:42]} {[%emt 00:00:01]} 65. Qg3 {[%clk 00:13:17]}
{[%emt 00:00:04]} Kd2 {[%clk 00:00:42]} 66. Qf3 {[%clk 00:13:17]} {[%emt
00:00:10]} Kc2 {[%clk 00:00:42]} {[%emt 00:00:01]} 67. Qe3 {[%clk 00:13:17]}
{[%emt 00:00:03]} Kb2 {[%clk 00:00:42]} 68. Qd3 {[%clk 00:13:17]} {[%emt
00:00:03]} Ka1 {[%clk 00:00:42]} {[%emt 00:00:02]} 69. Qb5 {[%clk 00:13:17]}
{[%emt 00:00:03]} Ka2 {[%clk 00:00:42]} {[%emt 00:00:02]} 70. Kf6 {[%clk
00:13:17]} {[%emt 00:00:03]} Ka1 {[%clk 00:00:42]} {[%emt 00:00:02]} 71. Ke5
{[%clk 00:13:17]} {[%emt 00:00:03]} Ka2 {[%clk 00:00:42]} {[%emt 00:00:01]} 72.
Kd4 {[%clk 00:13:17]} {[%emt 00:00:03]} Ka1 {[%clk 00:00:42]} {[%emt 00:00:02]}
73. Kc3 {[%clk 00:13:17]} {[%emt 00:00:02]} Ka2 {[%clk 00:00:42]} {[%emt
00:00:02]} 74. Qb2# {[%clk 00:13:17]} 1-0